Deserve to be great : (Record no. 86654)
[ view plain ]
| 000 -LEADER | |
|---|---|
| fixed length control field | 00458cam5a220015700 4500 |
| 001 - CONTROL NUMBER | |
| control field | qce01265182 |
| 005 - DATE AND TIME OF LATEST TRANSACTION | |
| control field | 20190816102240.0 |
| 008 - FIXED-LENGTH DATA ELEMENTS--GENERAL INFORMATION | |
| fixed length control field | 770322s1960 rh a 000 0 eng |
| 035 ## - SYSTEM CONTROL NUMBER | |
| System control number | (Sirsi) r39468 |
| 050 ## - LIBRARY OF CONGRESS CALL NUMBER | |
| Classification number | DT 856 GAL 1960 |
| 100 1# - MAIN ENTRY--PERSONAL NAME | |
| Personal name | Gale, W. D. |
| 245 10 - TITLE STATEMENT | |
| Title | Deserve to be great : |
| Remainder of title | the story of Rhodesia and Nyasaland / |
| Statement of responsibility, etc. | by W. D. Gale |
| 260 ## - PUBLICATION, DISTRIBUTION, ETC. | |
| Place of publication, distribution, etc. | Bulawayo : |
| Name of publisher, distributor, etc. | Stuart Manning, |
| Date of publication, distribution, etc. | 1960. |
| 300 ## - PHYSICAL DESCRIPTION | |
| Extent | 224p. |
| 650 ## - SUBJECT ADDED ENTRY--TOPICAL TERM | |
| Topical term or geographic name entry element | Rhodesia and Nyasaland |
No items available.